00698nam a2200181 i 450000100060000000300090000600500170001500700030003200800410003510000230007624501390009926000430023830000220028170000420030385200320034599900170037795201220039432765ES-MaACL20250816035719.0t|030131s1973 sp ||||1| spa d1 aBense, Max.92777510aIntroducción a la estética teórica-informacional... / cMax Bense ; [traducción, introducción y notas: Simón Marchan Fiz]. aMadrid : bAlberto Corazón, c[1973] a228 p. ; c21 cm.1 aMarchán Fiz, Simón,d1941-976408 aES-MaACLjC-52500 bR.85396 c32765d32765 00104070aATENEOMbATENEOMcDEPO2d2008-01-17eSCl0oC-52500p1033993r2023-02-23 00:00:00w2023-02-23yMONOGRAFIA